| 000 | 00385 a2200109 4500 | ||
|---|---|---|---|
| 020 | _a9780478334128 | ||
| 022 | _a11770600 | ||
| 082 | _a388.0993 HUN | ||
| 245 |
_aBetter Integration of Land Use and Transport at a Regional Level : Scoping of Regional Guidelines / _cPaula Hunter...[et al] |
||
| 260 |
_aNew Zealand : _bNZ Transport Agency, _c2008 |
||
| 300 |
_a104p. : _bill. ; _c30 cm |
||
| 650 | _aTransport -- Land use | ||
| 999 |
_c2167 _d2167 |
||